Potty Politics / (Record no. 5607)

MARC details
000 -LEADER
fixed length control field 00843nam a22002537a 4500
001 - CONTROL NUMBER
control field 5607
003 - CONTROL NUMBER IDENTIFIER
control field FISKH
005 - DATE AND TIME OF LATEST TRANSACTION
control field 20241220101347.0
008 - FIXED-LENGTH DATA ELEMENTS--GENERAL INFORMATION
fixed length control field 241220b cb ||||| |||| 00| 0 eng d
020 ## - INTERNATIONAL STANDARD BOOK NUMBER
International Standard Book Number 9780439013802
040 ## - CATALOGING SOURCE
Original cataloging agency FISKH
Language of cataloging eng
Transcribing agency FISKH
Modifying agency FISKH
050 ## - LIBRARY OF CONGRESS CALL NUMBER
Classification number PL1171.G655
082 ## - DEWEY DECIMAL CLASSIFICATION NUMBER
Classification number 320.941
100 ## - MAIN ENTRY--PERSONAL NAME
Personal name Deary, Terry
245 ## - TITLE STATEMENT
Title Potty Politics /
Statement of responsibility, etc. By Terry Deary : Illustrated by Tony Reeve
260 ## - PUBLICATION, DISTRIBUTION, ETC.
Place of publication, distribution, etc. New York :
Name of publisher, distributor, etc. Scholastic ;
Date of publication, distribution, etc. 1999.
300 ## - PHYSICAL DESCRIPTION
Extent 128 pages :
Other physical details illustrations ;
Dimensions 21 cm .
490 ## - SERIES STATEMENT
Series statement The knowledge
520 ## - SUMMARY, ETC.
Summary, etc. Explains how Chinese writing developed and demonstrates how to write and pronounce a number of Chinese characters, using detailed instructions and examples.
650 ## - SUBJECT ADDED ENTRY--TOPICAL TERM
Topical term or geographic name entry element The Knowledge
Form subdivision Non-fiction
700 ## - ADDED ENTRY--PERSONAL NAME
Personal name Reeve, Tony
Relator term illustrator
942 ## - ADDED ENTRY ELEMENTS (KOHA)
Source of classification or shelving scheme Dewey Decimal Classification
Koha item type Books
Suppress in OPAC No
Holdings
Withdrawn status Lost status Source of classification or shelving scheme Damaged status Not for loan Collection Home library Current library Shelving location Date acquired Total Checkouts Full call number Barcode Date last seen Copy number Price effective from Koha item type Date last checked out
    Dewey Decimal Classification     Non-Fiction Footprints International School Library Network Toul Kork Campus Footprints International School Library Network Toul Kork Campus TTP Secondary Non-Fiction Bookshelves 12/20/2024   DEA 320.941 PL1171.G655 FIS05297 12/20/2024 1 12/20/2024 Books  
    Dewey Decimal Classification     Non-Fiction Footprints International School Library Network Toul Kork Campus Footprints International School Library Network Toul Kork Campus TTP Secondary Non-Fiction Bookshelves 12/20/2024   DEA 320.941 PL1171.G655 FISSE00104 12/20/2024 2 12/20/2024 Books  
    Dewey Decimal Classification     Non-Fiction Footprints International School Library Network Toul Kork Campus Footprints International School Library Network Toul Kork Campus TTP Secondary Non-Fiction Bookshelves 12/20/2024 1 DEA 320.941 PL1171.G655 FISSE00112 03/13/2025 3 12/20/2024 Books 03/13/2025
    Dewey Decimal Classification     Non-Fiction Footprints International School Library Network Toul Kork Campus Footprints International School Library Network Toul Kork Campus TTP Secondary Non-Fiction Bookshelves 12/20/2024   DEA 320.941 PL1171.G655 FIS05404 12/20/2024 4 12/20/2024 Books